000 00449nam a2200169Ia 4500
008 230917s9999||||xx |||||||||||||| ||und||
020 _cRS 995.00
040 _e5006938
_aMAIN
041 _aEnglish
082 _a658.3 R742H
100 _aRotele, Chandan Singh
245 0 _aHuman resource management
260 _aAgra
_bCurrent Publications
_c2023
300 _a310 p.
500 _a4982 04/01/2023 CP23/216 05/01/2023 Main Budget
942 _cBK
999 _c8294
_d8294